[Event "RUS-ch51"]
[Site "St Petersburg"]
[Date "1998.08.01"]
[Round "5"]
[White "Shipov, Sergei"]
[Black "Najer, Evgeniy"]
[Result "1-0"]
[WhiteElo "2635"]
[BlackElo "2535"]
[Annotator "Ftacnik,L"]
[PlyCount "59"]
[EventDate "1998.07.28"]
[EventType "swiss"]
[EventRounds "11"]
[EventCountry "RUS"]
[SourceTitle "CBM 067"]
[Source "ChessBase"]
[SourceDate "1998.11.30"]
[SourceVersion "2"]
[SourceVersionDate "1998.11.01"]
[SourceQuality "1"]

1. d4 Nf6 2. c4 g6 3. Nc3 d5 4. cxd5 Nxd5 5. e4 Nxc3 6. bxc3 Bg7 7. Nf3 c5 8.
Rb1 O-O 9. Be2 cxd4 10. cxd4 Qa5+ 11. Bd2 Qxa2 12. O-O a5 13. Re1 Bd7 $5 {
Black is well prepared for the unpleasant move 13.Re1, which supports white's
center and is dangerous for the a5 variation.} (13... Nc6 14. Bg5 h6 15. Be3
Nb4 16. Qc1 Kh7 17. Qc5 Qe6 18. Bg5 f6 19. Bd2 Qxe4 20. Bf1 Qc6 {1/2-1/2
Wieczorek,Z-Jasnikowski,Z/Katowice op/1993/ (32)}) 14. Rxb7 a4 15. Bg5 (15. Bf4
Bc6 16. Rxe7 Qa3 (16... Bf6 $2 17. Rc7 Bxe4 18. Bc4 $18) 17. Rc7 Bxe4 $14)
15... a3 (15... Qe6 16. d5 Qd6 17. Qd2 $14) 16. Bxe7 Rc8 17. Qd3 {Shipov feels,
that the counterplay with black's a pawn is quite serious.} (17. Qb3 Qxe2 $3
18. Rxe2 a2 19. Bd6 (19. Rxa2 $2 Rc1+ $19) 19... a1=Q+ 20. Re1 Qa4 $15) 17...
Bg4 18. h3 (18. Reb1 Nc6 19. Bc5 Bxf3 20. Bxf3 Bxd4 $1 21. Bxd4 Rd8 22. e5 Nxd4
$15) 18... Bxf3 19. Bxf3 Nc6 20. e5 (20. Bc5 Bxd4 $1 21. Bxd4 Rd8 22. Re2 Qe6
23. Bg4 Qe8 $15) 20... Nxe7 21. Rxe7 Bf8 22. Rb7 (22. Bxa8 Bxe7 23. Bb7 Rc2 24.
Qf3 $1 $18) 22... Rab8 (22... Ra5 23. Reb1 $16) 23. Ra7 (23. Reb1 $6 Rxb7 24.
Bxb7 Rd8 $13) 23... Rd8 24. Qe3 (24. d5 $2 Bc5 $19) 24... Qc4 25. Rd1 Rb2 $2 {
[%mdl 16384] Black fails to realize the chances offered by the passed a pawn,
since his enemy was not able to defend his center properly.} (25... a2 $5 26.
Be2 (26. Qd2 Bc5 27. Qxa2 Qxa2 28. Rxa2 Rxd4 $14) (26. Qe2 Qxe2 27. Bxe2 Rxd4 (
27... Ra8 28. Rxa8 Rxa8 29. Ra1 Ra4 30. Bd1 Rxd4 31. Bb3 $14) 28. Rxd4 Bc5 29.
Rxa2 Bxd4 $11) 26... Qd5 27. Qf3 Qxf3 28. Bxf3 Rb2 29. g3 $11) 26. Qf4 Rb6 (
26... a2 27. Qf6 $1 Rc8 28. d5 Rc7 29. Ra8 Rc8 30. e6 $1 $18) 27. Rc1 Qe6 (
27... Qxd4 $2 28. Qxf7+ $18) 28. d5 Qf5 (28... Rxd5 29. Bxd5 Qxd5 30. Rcc7 $18)
29. Qxf5 gxf5 30. Bh5 {Realizing potential of the position to the maximum
white now marches through with central pawns.} (30. Bh5 f6 31. e6 a2 32. Rd1 $1
Rb1 33. Rxa2 Rxd1+ 34. Bxd1 Rxd5 35. Bb3 $18) 1-0

[Event "RUS-ch51"]
[Site "St Petersburg"]
[Date "1998.08.03"]
[Round "7"]
[White "Yevseev, Denis"]
[Black "Dvoirys, Semen I"]
[Result "1-0"]
[WhiteElo "2470"]
[BlackElo "2585"]
[Annotator "Ftacnik,L"]
[PlyCount "117"]
[EventDate "1998.07.28"]
[EventType "swiss"]
[EventRounds "11"]
[EventCountry "RUS"]
[SourceTitle "CBM 067"]
[Source "ChessBase"]
[SourceDate "1998.11.30"]
[SourceVersion "2"]
[SourceVersionDate "1998.11.01"]
[SourceQuality "1"]

1. d4 Nf6 2. c4 g6 3. Nc3 d5 4. cxd5 Nxd5 5. e4 Nxc3 6. bxc3 Bg7 7. Nf3 c5 8.
Rb1 O-O 9. Be2 cxd4 10. cxd4 Qa5+ 11. Qd2 Qxd2+ 12. Bxd2 b6 13. O-O Bb7 14. d5
Ba6 15. Bxa6 Nxa6 16. Be3 Rfc8 (16... Rfe8 17. Nd4 Bxd4 18. Bxd4 e6 19. dxe6
Rxe6 20. f3 Rd8 21. Be3 {1-0 Schmidt,W-Banas,J/Trnava 1986/EXT 97 (45)}) (16...
f5 17. e5 (17. Ng5 fxe4 18. Nxe4 Rf5 19. Rfd1 Rd8 20. Rbc1 Nb4 21. d6 exd6 22.
Bg5 Rdf8 23. Rxd6 Nxa2 {0-1 Rasmussen,P-Moberg,K/Randers 1996/EXT 98 (41)})
17... f4 (17... Rfd8 18. Rfd1 Nc7 19. d6 exd6 20. Bg5 Rd7 21. Rxd6 {1-0
Mitenkov,A-Polovodin,I/Cherepovets 1993/EXT 97 (26)}) 18. Bc1 Rad8 19. Rd1 Nc7
20. d6 exd6 21. exd6 (21. Ba3 Rd7 22. exd6 Ne6 23. Rd5 {1/2-1/2 Freckmann,
M-Forchert,M/NRW-I 1990/BigBase 97 (31)}) 21... Rf5 22. g4 Rf6 23. Ba3 Ne6 24.
Ne5 {1/2-1/2 Piesina,G-Yuferov,S/Belgorod 1989/ (43)}) (16... Rfd8 17. Nd4 Bxd4
18. Bxd4 Rd7 19. Be3 Rc7 20. Rfc1 Rac8 21. f3 f5 {1/2-1/2 Peist,J-Wiesmann,H/
BL2-W 1990/Bundesliga2 (52)}) 17. Rfc1 Kf8 18. Kf1 Ke8 (18... Rxc1+ 19. Rxc1
Nb4 20. a3 (20. Bd2 a5 21. a3 Nd3 22. Rc6 b5 23. Ke2 Ne5 24. Rc5 b4 25. axb4
Nxf3 26. Kxf3 a4 27. Rc2 {1-0 Kiriakov,P-Notkin,M/Maikop 1998/ (49)}) 20... Na2
21. Rc7 (21. Rc4 Nc3 22. a4 b5 23. axb5 Nxb5 {1/2-1/2 Kalantarian,N-Polovodin,
I/Voroshilovgrad 1989/EXT 97 (57)}) 21... Nc3 22. Bg5 Re8 23. Rxa7 Nxe4 24. Be3
b5 {1/2-1/2 Novikov,I-Neverov,V/Uzhgorod 1987/ (29)}) 19. Ke2 h6 {Black is
close to equality, but Evseev can try to benefit from his better control in
the center and the kingside.} 20. h4 f5 (20... Kd7 21. g4 $14) 21. exf5 gxf5
22. Bd4 Bf8 (22... Bxd4 23. Nxd4 Nc7 24. Nxf5 Nxd5 25. Kf3 $16) 23. Be5 Rxc1
24. Rxc1 Nb4 25. Nd4 Nxd5 $6 {The alternative taking on a2 is risky, but now
black will simply be somewhat worse.} (25... Nxa2 $5 26. Rc4 a5 27. Nxf5 b5 28.
Rc7 a4 29. Bg7 Bxg7 30. Nxg7+ Kf7 31. Nf5 $13) 26. Nxf5 e6 (26... Rd8 27. g4 e6
28. Nd4 $14) 27. Nd4 (27. Nd6+ Kd7 28. Ne4 Be7 $14) 27... Kd7 28. f4 Bc5 (28...
Bd6 29. Bxd6 Kxd6 30. g3 $14) 29. Kf3 Bxd4 $6 (29... Rf8 30. g3 h5 31. Ke4 $14)
30. Bxd4 {[%mdl 4096]} h5 (30... Rf8 31. Be5 Nxf4 32. Rc7+ (32. Bxf4 e5 33. g3
exf4 34. gxf4 $14) 32... Kd8 33. Rxa7 Nd5+ 34. Ke2 Rf5 35. Bd6 $14) 31. g4 $1 {
The advantage is suddenly real with bishop against the knight and passed pawn
on the kingside.} hxg4+ (31... Rf8 32. Be5 Nxf4 33. Rc7+ Kd8 34. Rxa7 Nd3+ 35.
Ke4 Nf2+ 36. Kd4 hxg4 37. Ra8+ Ke7 38. Bd6+ Kxd6 39. Rxf8 $18) 32. Kxg4 Rg8+
33. Kf3 Rf8 34. Be5 Rf5 (34... Nxf4 $5 35. Rc7+ (35. Bxf4 e5 36. Rc4 exf4 37.
Rxf4 $14) 35... Kd8 36. Rxa7 Nd5+ 37. Ke4 Rf1 38. h5 $14) 35. Kg3 $1 (35. Kg4
Ne3+) (35. Rh1 $6 Nxf4 $1 36. Bxf4 e5 $11) 35... Ke7 (35... a5 36. Rh1 Nb4 (
36... Nf6 37. Bxf6 Rxf6 38. h5 Rh6 39. Kg4 $16) 37. h5 Rf7 38. h6 Rh7 39. a3
$18) 36. Rc8 {Black is unable to defend against all threats, his queenside
pawns will become targets as well.} (36. Rh1 Nf6 $14) 36... Kf7 37. Rh8 Nf6 (
37... Kg6 38. Rg8+ Kh5 39. Ra8 Rf7 40. Rh8+ Kg6 41. h5+ Kf5 42. Kf3 $16) 38.
Ra8 a5 39. Ra7+ Ke8 (39... Kg6 40. Re7 Ne4+ 41. Kg4 Nc5 42. Bc7 $16) 40. Bxf6
Rxf6 41. h5 Rf7 (41... Rh6 42. Kg4 Rf6 43. Rb7 $16) 42. Ra8+ (42. Rxf7 $2 Kxf7
43. Kg4 b5 $17) 42... Ke7 43. Rb8 Kf6 (43... Rg7+ 44. Kf3 Kf6 (44... Rh7 $2 45.
Rb7+ $18)) 44. Rxb6 Rg7+ 45. Kf3 Ra7 (45... Rh7 46. Rb5 $18) 46. a4 $1 {
Dvoirys is pawn down and on top of it his Pa5 is weak.} Ra8 47. Rb5 Ra7 48. Kg4
Ra8 49. Rg5 Ra6 50. h6 Ra7 (50... Kf7 51. h7 Ra8 52. Rxa5 $18) 51. Kh5 Rd7 52.
Rg6+ (52. Rxa5 $6 Rd1 53. Ra8 Rh1+ 54. Kg4 Rxh6 $16) 52... Kf5 53. Rg7 Rd1 54.
Rf7+ Ke4 55. h7 e5 (55... Rh1+ 56. Kg6 Rg1+ 57. Kf6 Rh1 58. Kxe6 $18) 56. fxe5
Rh1+ 57. Kg6 Kxe5 58. Rf5+ Ke6 59. Rh5 (59. Rh5 Rg1+ 60. Kh6 $18) 1-0

[Event "New York op"]
[Site "New York"]
[Date "1998.03.16"]
[Round "1"]
[White "Chernin, Alexander"]
[Black "Mueller, Werner"]
[Result "1-0"]
[WhiteElo "2645"]
[BlackElo "2305"]
[Annotator "Ftacnik,L"]
[PlyCount "67"]
[EventDate "1998.03.16"]
[EventType "swiss"]
[EventRounds "9"]
[EventCountry "USA"]
[SourceTitle "CBM 064"]
[Source "ChessBase"]
[SourceDate "1998.06.02"]
[SourceVersion "1"]
[SourceVersionDate "1998.06.02"]
[SourceQuality "1"]

1. d4 Nf6 2. c4 g6 3. Nc3 d5 4. cxd5 Nxd5 5. e4 Nxc3 6. bxc3 Bg7 7. Nf3 c5 8.
Rb1 O-O 9. Be2 Nc6 10. d5 Ne5 11. Nxe5 Bxe5 12. Qd2 b6 13. f4 Bg7 14. O-O e6
15. Bc4 (15. dxe6) 15... e5 (15... Bb7 16. dxe6 (16. f5 gxf5 $1 $17) (16. Qd3
exd5 17. exd5 Bc8 $1 $36) 16... Bxe4 17. exf7+ Kh8 18. Rb2 (18. Rb3 Qxd2 19.
Bxd2 Rad8 {/\ 20... Bd5, 20... Bd3|^}) 18... Qxd2 (18... Qf6 19. Qe3 (19. Re1
Qf5 20. h3 Rad8 21. g4 Rxd2 22. Bxd2 $5 Qf6 23. Rxe4 $14) 19... Qxc3 20. Qxe4
Bd4+ 21. Rbf2 Qxc4 22. Bb2 Qxf7 23. Bxd4+ {1/2-1/2 Brenninkmeijer,J-Blees,A/
NLD-chT 1996}) 19. Bxd2 (19. Rxd2 Bxc3 20. Re1 (20. Rd7 $6 Bf5 21. Re7 Kg7 $15)
(20. g4 $5 Kg7 21. Re1 Bc6 22. Bb2 (22. Rd6 b5 23. Be6 b4 24. Bd2 Bxd2 25. Rxd2
Rad8 26. Rc2 Bd5 27. f5 gxf5 28. gxf5 Rxf7 29. Bxf7 Kxf7 30. Rxc5 Bxa2 31. Ra5
{1/2-1/2 Veingold,A-Rytshagov,M/FIN-chT 9596 1996 (42)}) 22... Bxb2 23. Rxb2 b5
24. Be6 Rad8 $132) 20... Bf5 21. Re3 (21. Re7 Kg7 22. Bb2 Bxb2 23. Rxb2 Rad8
24. Rxa7 Rd1+ {1/2-1/2 Wells,P-Stohl,I/Isle of Man op 1995}) 21... Bd4 $1 (
21... Ba1 $5 $13) 22. Rxd4 cxd4 23. Bb2 Rad8 24. Re7 (24. g4 Bxg4 25. Re4 h5
26. Rxd4 Rxd4 27. Bxd4+ Kh7 28. Be5 b5 29. Bb3 Be2 30. Bd6 Kg7 31. Be5+ $11)
24... Kg7 (24... a5 $5 $13) 25. Rxa7 b5 26. Bb3 Bd3 $1 $11 {1/2-1/2 Sadler,
M-Stohl,I/Isle of Man/1994/ (36)}) 19... Rad8 20. Re1 Bc6 (20... Rxd2 $5 21.
Rxd2 Bxc3 22. Rde2 Bxe1 23. Rxe1 b5 $5 24. Rxe4 bxc4 25. Rxc4 Rxf7 26. Rxc5
Rxf4 $11) 21. f5 Bd5 22. Bxd5 Rxd5 23. fxg6 hxg6 24. Re7 b5 25. Rxa7 b4 26. Rc2
Rf5 27. h4 {1-0 Sadler,M-Hachian,M/Cannes op 1996/ (40)}) (15... Kh8 16. Ba3
exd5 17. Bxd5 Be6 18. c4 Bxd5 19. exd5 Bd4+ 20. Kh1 Qf6 21. f5 g5 22. Bb2 Bxb2
23. Qxb2 Qxb2 24. Rxb2 Rfe8 25. a4 Re4 {1/2-1/2 Savchenko,S-Khenkin,I/SWZ-ch
op/1994/}) (15... exd5 16. Bxd5 Rb8 17. c4 $16 {[+]}) (15... Rb8 16. e5 exd5
17. Bxd5 Bf5 18. Rb3 Qe7 19. c4 Rfd8 20. Bb2 b5 21. Qe2 h5 22. Re3 Rb6 23. Be4
Bxe4 24. Rxe4 Qd7 25. cxb5 Rxb5 26. e6 fxe6 27. Bxg7 Kxg7 28. f5 {1/2-1/2
Schussler,H-Hansen,C/Malmo 1987/ (48)}) 16. f5 gxf5 (16... Qd6 17. Qf2 gxf5 (
17... f6 18. Qg3 $14) 18. exf5 Qf6 19. Bb5 (19. Qg3 e4 20. Bb5 (20. Bg5 Qxc3
21. f6 Qxg3 22. hxg3 Bh8 $17) 20... Qxc3 21. f6 Qxg3 22. hxg3 Bh8 23. Bh6 Rd8
24. Rbe1 Bg4 25. Rxe4 Bh5 $14) 19... Bb7 20. c4 $14) 17. exf5 Qf6 {Black is
playing with fire, since blockade of white f pawn will tie his forces. At the
same time white has ample possibilities to improve his pieces and start a
ferocious attack.} 18. Qf2 (18. Bd3 Bb7 19. c4 $14) 18... e4 19. Bb5 $1 Bb7 (
19... Qxc3 $2 20. f6 Bh8 21. Bb2 $18) (19... Rd8 20. c4 (20. Bc6 Ba6 21. Re1
Bd3 $11) 20... Bb7 21. Qg3) 20. c4 Rfd8 (20... Rad8 21. Qg3 Qc3 22. f6 Qxg3 23.
hxg3 Bh8 24. Rf5 h5 25. Bh6 $18) 21. Qg3 h6 (21... Qc3 22. Qg4 $1 (22. Rb3 Qxg3
23. Rxg3 Kh8 24. f6 Bf8 $13) 22... Qd4+ 23. Kh1 e3 24. Rf4 e2 25. Qxe2 Qe5 26.
Qxe5 Bxe5 27. Rg4+ Kh8 28. Bg5 $16) 22. Rb3 a6 23. Ba4 (23. Bc6 Bxc6 24. Rxb6
Qd4+ (24... Rac8 25. Rxc6 Rxc6 26. dxc6 $16) 25. Be3 Qxe3+ 26. Qxe3 Bd4 27.
Qxd4 cxd4 28. dxc6 $16) 23... b5 24. Bb2 (24. cxb5 axb5 25. Bb2 Qg5 $15) 24...
Qg5 $8 25. h4 $1 {Refreshing way of breaking through the shaky defences of
black.} Qxg3 (25... Bxb2 26. hxg5 Bd4+ 27. Kh1 $18) 26. Rxg3 f6 (26... bxa4 27.
Rxg7+ Kf8 28. Rh7 Rd6 29. Re1 $18) 27. Bxf6 Rd7 (27... Kf7 28. Bxg7 (28. Rxg7+
Kxf6 29. Rxb7 bxa4 30. Rb6+ Ke5 31. Rxh6 $18) 28... bxa4 29. Bxh6 Rg8 30. Bg5
$18) 28. Bc3 (28. cxb5 Rf7 29. Be5 Kh7 30. f6 Bf8 31. d6 $18) 28... Kh7 (28...
bxa4 29. f6 Rf7 (29... Rf8 30. Rf4 Rdf7 31. Rfg4 $18) 30. Rf4 Bc8 31. Rxe4 Bf5
32. Re7 $18) 29. f6 Bf8 (29... Bxf6 30. Rxf6 bxa4 31. Rfg6 a5 32. Rg7+ Rxg7 33.
Rxg7+ Kh8 34. Rxb7+ $18) (29... bxa4 30. fxg7 Rg8 31. Re3 Re7 32. Rf4 $18) 30.
Bc2 {The game is over, white has saved all the material and a mating attack.}
Re8 (30... bxc4 31. Bxe4+ Kh8 32. f7+ Bg7 33. Bxg7#) 31. f7 Ree7 32. Rg8 (32.
Rf4 Rxd5 33. Rxe4 Rd1+ 34. Re1+ Be4 35. Bxd1 $18) 32... Rxf7 33. Rxf8 (33. Rh8+
Kg6 34. Bxe4+ Kh5 35. Rxf8 $18) 33... Rxf8 34. Rxf8 1-0

[Event "RUS-ch"]
[Site "Elista"]
[Date "1995.??.??"]
[Round "11"]
[White "Yakovich, Yuri"]
[Black "Yandemirov, Valeri"]
[Result "0-1"]
[WhiteElo "2560"]
[BlackElo "2460"]
[Annotator "Ftacnik,L"]
[PlyCount "66"]
[EventDate "1995.10.??"]
[EventType "swiss"]
[EventRounds "11"]
[EventCountry "RUS"]
[SourceTitle "CBM 050"]
[Source "ChessBase"]
[SourceDate "1996.02.01"]
[SourceVersion "1"]
[SourceVersionDate "1996.02.01"]
[SourceQuality "1"]

1. d4 Nf6 2. c4 g6 3. Nc3 d5 4. cxd5 Nxd5 5. e4 Nxc3 6. bxc3 Bg7 7. Bb5+ Nc6 {
Quiet protest against the complexities of the 7...c6 line? Black will get
positions closer in character to the lines without the unpleasant 7.Bb5+.} 8.
Nf3 (8. Ne2 O-O 9. O-O (9. Bxc6 bxc6 10. Ba3 Ba6 11. O-O Re8 12. Qc2 e5 {
1/2-1/2 Tunik,G-Yandemirov,V/Minsk-B (05)/1993/}) 9... Na5 10. Ba3 c6 11. Bd3
b6 12. Qc2 {1/2-1/2 Gleizerov,E-Yandemirov,V/Balatonbereny op (07)/1994/}) 8...
O-O 9. O-O Na5 10. Bg5 (10. Be3 b6 11. Rc1 Bb7 12. Bd3 Qd7 13. Qe2 Rfd8 14.
Rfd1 Rac8 15. c4 c5 16. d5 e6 17. Bd2 exd5 18. cxd5 c4 19. Bb1 c3 {Beliavsky,
A-Filipovic,B/JUG-chT2 (02)/1993/1-0 (40)}) 10... c6 11. Bd3 Be6 12. Qe2 b5 {
Black has certainly took the suggestions about following a plan into his heart.
His fight for the c4 square has a flair of stubborness.} 13. Nd2 (13. a4 a6 14.
axb5 axb5 15. Rfb1 $10) 13... a6 14. a4 Qc7 15. Ra3 (15. Rfb1 Rfd8 $10) 15...
c5 $5 16. axb5 (16. d5 b4 17. cxb4 cxb4 18. Ra2 Bc8 19. Rb1 Qd6 $13) 16... cxd4
17. cxd4 (17. b6 Qxb6 18. Bxe7 Rfb8 19. cxd4 (19. Rb1 Qc7 20. Bb4 Nc6 21. Bxa6
Nxb4 22. cxb4 Rxb4 $1 23. Rxb4 Qc1+ 24. Nf1 Qxa3 25. Rb6 Rd8 $15) 19... Bxd4
20. Rb1 Qc7 21. Bxa6 Rxb1+ 22. Nxb1 Rb8 $132) 17... Bxd4 18. bxa6 Rfd8 19. Nf3
(19. Bxe7 $2 Qxe7 20. Rxa5 Bc3 21. Ra4 Qd6 $17) 19... Bc5 20. Rc1 $2 (20. Raa1
Nb3 21. Rab1 $16) 20... Nb3 21. Rxb3 (21. Rc2 Qd6 22. Rxc5 Qxc5 $17) 21... Bxb3
22. Bb5 Qb6 23. h3 (23. Nd2 Be6 24. Rb1 Bc8 $17) 23... Bd1 $1 24. Rxd1 Rxd1+
25. Qxd1 Qxb5 26. Qd5 Rc8 27. Ne5 (27. a7 Qb1+ 28. Kh2 Bxa7 29. Ne5 Rf8 $19)
27... e6 28. Qb7 (28. Qd7 Bxf2+ 29. Kxf2 Rc2+ 30. Kf3 Qf1+ $19) 28... Bxf2+ $1
29. Kxf2 (29. Kh1 Qf1+) 29... Rc2+ 30. Kf3 Qxe5 $2 (30... Qe2+ $1 31. Kf4 (31.
Kg3 Qf2+ 32. Kg4 h5#) 31... Qd2+ 32. Kg4 Qxg2+ 33. Kf4 (33. Kh4 Qf2+ 34. Kg4
h5#) 33... Qd2+ 34. Kg4 h5+ 35. Kg3 Qf2#) 31. a7 Qxg5 32. a8=Q+ Kg7 33. Qa1+ $2
(33. Qb4 $1 $8 Qxg2+ 34. Ke3 Qg1+ 35. Kf4 $13) 33... e5 0-1

[Event "Pamplona 9697 7th"]
[Site "Pamplona"]
[Date "1996.??.??"]
[Round "7"]
[White "Garcia Ilundain, David"]
[Black "Azmaiparashvili, Zurab"]
[Result "0-1"]
[WhiteElo "2520"]
[BlackElo "2670"]
[Annotator "Ftacnik,L"]
[PlyCount "56"]
[EventDate "1996.12.??"]
[EventType "tourn"]
[EventRounds "9"]
[EventCountry "ESP"]
[EventCategory "13"]
[SourceTitle "CBM 057"]
[Source "ChessBase"]
[SourceDate "1997.04.01"]
[SourceVersion "1"]
[SourceVersionDate "1997.04.01"]
[SourceQuality "1"]

1. d4 {Avrukh,B} Nf6 2. c4 g6 3. Nc3 d5 4. Nf3 Bg7 5. cxd5 Nxd5 6. e4 Nxc3 7.
bxc3 c5 8. Rb1 O-O 9. Be2 cxd4 10. cxd4 Qa5+ 11. Bd2 Qxa2 12. O-O Bg4 13. Bg5 (
13. Be3 {Avrukh,B} Nc6 14. d5 Bxf3 15. Bxf3 Ne5 16. Bc5 Bf6 17. Rxb7 Rfb8 18.
Bxe7 Rxb7 19. Bxf6 Re8 20. h4 Qa3 $1 21. Bxe5 Rxe5 22. Qd4 Qb2 23. Qc4 Re8 24.
Qc6 Qb5 $17 {Krasenkov-Azmaiparashvili 1996}) 13... Qe6 {Avrukh: A very rare
move.} (13... h6 14. Bh4 Qe6 15. h3 Bxf3 16. Bxf3 Qd7 17. d5 Na6 18. Qe2 Nc5
19. e5 e6 20. Rfd1 exd5 21. Bxd5 Qf5 22. Be7 Rfc8 23. Qe3 Na4 24. e6 Nc3 25.
exf7+ Kh7 26. Be6 Nxd1 27. Rxd1 {Komljenovic,D-Sanchez Almeyra,J/San Sebastian
op/1993/1/2-1/2 (109)}) (13... h6 {Avrukh,B The main line in this modern
variation.}) 14. d5 (14. h3 Bxf3 15. Bxf3 Qd7 16. d5 $13) (14. Rxb7 {Avrukh,B}
Qxe4 15. Rxe7 Qd5 {Avrukh: And black is O.K.}) 14... Qxe4 15. Rxb7 (15. Qd2 {
Avrukh,B} f6 (15... a5 16. Rxb7 f6 17. Be3 {Sakaev}) 16. Be3 a5 17. Rfc1 Rc8
18. h3 Bd7 19. Rxc8+ Bxc8 20. Bd3 Qa4 (20... Qxd5 21. Rc1 Qd7 22. Bc4+ Kh8 23.
Be6 $1 Qxe6 24. Qd8+ Qg8 25. Rxc8 $18 {Sakaev}) 21. Bc5 Qd7 22. Qe2 Bf8 23. Bc4
$16 {Sakaev-Buchman 1989}) 15... Be6 (15... Nd7 16. h3 Bf5 17. g4 Bxg4 18. hxg4
Qxg4+ 19. Kh1 $13) (15... h6 $5 {Avrukh,B} 16. Rxe7 (16. Be3 a5 17. Qd2 Rc8 $1
$17) (16. Bxe7 Re8 17. Bd6 (17. h3 Bh5) 17... Qxe2 18. Qxe2 Rxe2 19. Bxb8 a5
$17) 16... Qb4 17. Qd2 Bc3 (17... a5 $1 $10) 18. Qe3 Bxf3 19. Bxf3 hxg5 20. d6
Bd4 21. Qe2 Nc6 22. Bxc6 Rac8 23. d7 Rxc6 24. d8=Q Rxd8 25. Re8+ $14) 16. Rb5 (
16. Bxe7 Bxd5 (16... Qxd5 {Avrukh,B}) 17. Bd3 Qg4 $17) (16. Rxe7 Qxd5 17. Qxd5
Bxd5 18. Rd1 Be6 $15) 16... Bf5 17. Re1 (17. Nd2 $5 Qe5 18. Nc4 Qc7 19. d6 exd6
20. Nxd6 $13) 17... a5 $1 {In this line black often has to rely on the
counterplay connected with the passed a pawn. In dieser Variante verläßt sich
Schwarz sehr oft auf sein Gegenspiel mit dem a-Freibauern.} (17... Bc3 {
Avrukh,B} 18. Bd2 (18. Nd2 Qd4 19. Nb1 Qxd1 20. Rxd1 Bf6 21. Bxf6 exf6 22. d6
a5 $15) 18... Bf6 19. Bf1 Qc2 20. Qxc2 Bxc2 21. g4 $1 $36 e6 22. dxe6 fxe6 23.
Bc4 Kh8 24. Bb4 Re8 $10) 18. Bf1 (18. Nd2 {Avrukh,B} Qd4 (18... Qc2 19. Qxc2
Bxc2 20. Bxe7 (20. Bf3 $5) 20... Re8 21. d6 $14) 19. Bxe7 Rc8 20. d6 a4 21. Bf3
Ra7 $13) 18... Qc2 19. Qxc2 (19. Bxe7 Qxd1 20. Rxd1 Re8 (20... Rc8 $10 {
Avrukh,B}) 21. d6 $13) 19... Bxc2 20. Bxe7 (20. Rc5 Bf5 21. Bxe7 Rc8 22. Rxc8+
Bxc8 23. Bc5 Bd7 $13) (20. Rxe7 $1 {Avrukh,B} a4 21. Bc4 $1 a3 22. Ba2 h6 23.
Bf4 g5 24. Bg3) 20... Rc8 21. Rc1 (21. Rb7 {Avrukh,B} a4 22. Ba3 Bf5 (22... Bb3
23. d6 Rd8 24. Ne5 Bd5 25. Nxf7 Rf8 26. d7 Bxb7 27. d8=Q Rxd8 28. Nxd8 Bc6 29.
Bc4+ Kh8 30. Nf7+ Kg8 31. Ng5+ Kh8 32. Re7 $16) 23. Bb5 $16) 21... a4 22. Rc5 (
22. Bd3 {Avrukh,B} Nc6 $1 $10 (22... a3 23. Bxa3 Rxa3 24. Bxc2 Nd7 25. Ne1 Rac3
$44)) (22. Rb7 {Avrukh,B} a3 (22... Bh6 23. Bg5) 23. Bxa3 Rxa3 24. Ne1 $14)
22... Rxc5 23. Bxc5 Bf5 (23... Be4 24. Ba3 (24. Re1 {Avrukh,B} Nd7 $5) 24...
Nd7 $10) 24. Ba3 Nd7 25. Bb5 (25. d6 $5 Rb8 26. Rc4 Nb6 27. Rc7 $14) 25... Nb6
26. d6 Rc8 $1 27. Rd1 $2 {Avrukh: A decisive mistake, after which the game is
over. White is too ambitious, a4 pawn will be stronger than white on d6. Weiß
spielt mit zu großen Ambitionen, der schwarze Pa4 wird stärker als der weiße
Pd6.} (27. Rxc8+ Bxc8 28. Bc5 (28. Kf1 $10 {Avrukh,B}) 28... Bd7 $10) (27. Rc7
{Avrukh,B} Rxc7 28. dxc7 Bf8 $17) 27... Rc3 28. Bb2 (28. Bc1 a3 29. Be3 Rb3 $19
) 28... Rxf3 (28... Rxf3 29. gxf3 (29. Bxg7 Rb3 30. d7 (30. Bxa4 Nxa4 31. Bf6
Nb6 $19) 30... Bxd7 31. Bxd7 Kxg7 $19 (31... Kxg7 32. g4 a3 $19)) 29... Bxb2
30. d7 (30. Bxa4 {Avrukh,B} Nxa4 $19) 30... Bxd7 31. Bxd7 a3 $1 $19) 0-1